000
00256nam a22001097a 4500
082
_a
621.3 DUT'F
100
_a
DUTERISH, HARI
_9
77256
245
_a
FUNDAMENTAL ELECTRICAL ENGINEERING
260
_a
ISLAMABAD
_b
NATIONAL
_c
1977
300
_a
256P
942
_c
BK
999
_c
582555
_d
582555